Recombinant DNA and biotechnology : A guide for students

Recombinant DNA and Biotechnology: A Guide for Teachers will enable college and precollege teachers to plan and conduct an exciting and contemporary course on the basic principles, essential laboratory activities, and relevant social issues and concerns attendant to today′s molecular biology revolut...

Cur síos iomlán

Đã lưu trong:
Sonraí Bibleagrafaíochta
Príomhúdar: Kreuzer, Helen
Formáid: Leabhar
Teanga:Undetermined
Foilsithe: Washington, D.C. ASM Press 2001
Ábhair:
Clibeanna: Cuir Clib Leis
Gan Chlibeanna, Bí ar an gcéad duine leis an taifead seo a chlibeáil!
Thư viện lưu trữ: Trung tâm Học liệu Trường Đại học Cần Thơ
LEADER 01094nam a2200205Ia 4500
001 CTU_192062
008 210402s9999 xx 000 0 und d
082 |a 660.65 
082 |b K92 
100 |a Kreuzer, Helen 
245 0 |a Recombinant DNA and biotechnology : 
245 2 |b A guide for students 
245 0 |c Helen Kreuzer, Adrianne Massey 
260 |a Washington, D.C. 
260 |b ASM Press 
260 |c 2001 
520 |a Recombinant DNA and Biotechnology: A Guide for Teachers will enable college and precollege teachers to plan and conduct an exciting and contemporary course on the basic principles, essential laboratory activities, and relevant social issues and concerns attendant to today′s molecular biology revolution. In addition to the complete text of the student edition, A Guide for Teachers also contains the answers to all discussion questions and extra background information and material on the scientific principles involved. 
650 |a Recombinant DNA,Tái tổ hợp DNA 
910 |a Hải 
980 |a Trung tâm Học liệu Trường Đại học Cần Thơ